<?xml version="1.0" encoding="UTF-8"?>
<record
    xmlns:xsi="http://www.w3.org/2001/XMLSchema-instance"
    xsi:schemaLocation="http://www.loc.gov/MARC21/slim http://www.loc.gov/standards/marcxml/schema/MARC21slim.xsd"
    xmlns="http://www.loc.gov/MARC21/slim">

  <leader>02029nam a2200301 a 4500</leader>
  <controlfield tag="001">1203064</controlfield>
  <controlfield tag="003">CaOONL</controlfield>
  <controlfield tag="005">20220326193246.0</controlfield>
  <controlfield tag="008">980212s1997    nq       b    000 0 spa  </controlfield>
  <datafield tag="010" ind1=" " ind2=" ">
    <subfield code="a">   98114725 </subfield>
  </datafield>
  <datafield tag="040" ind1=" " ind2=" ">
    <subfield code="a">DLC</subfield>
    <subfield code="c">DLC</subfield>
  </datafield>
  <datafield tag="043" ind1=" " ind2=" ">
    <subfield code="a">nc-----</subfield>
  </datafield>
  <datafield tag="050" ind1="0" ind2="0">
    <subfield code="a">HQ1467</subfield>
    <subfield code="b">.M68 1997</subfield>
  </datafield>
  <datafield tag="082" ind1="0" ind2="0">
    <subfield code="a">305.420.972.8</subfield>
    <subfield code="2">A283m</subfield>
  </datafield>
  <datafield tag="100" ind1=" " ind2=" ">
    <subfield code="a">Aguilar T., Ana Leticia et all</subfield>
    <subfield code="9">173</subfield>
  </datafield>
  <datafield tag="245" ind1="0" ind2="0">
    <subfield code="a">Movimiento de mujeres en Centroam&#xE9;rica /</subfield>
    <subfield code="c">[autoras, Ana Leticia Aguilar T. ... et al.]</subfield>
  </datafield>
  <datafield tag="260" ind1=" " ind2=" ">
    <subfield code="a">Managua, Nicaragua :</subfield>
    <subfield code="b">Programa Regional la Corriente,</subfield>
    <subfield code="c">1997.</subfield>
  </datafield>
  <datafield tag="300" ind1=" " ind2=" ">
    <subfield code="a">511 p. ;</subfield>
    <subfield code="c">24 cm.</subfield>
  </datafield>
  <datafield tag="504" ind1=" " ind2=" ">
    <subfield code="a">Includes bibliographical references.</subfield>
  </datafield>
  <datafield tag="505" ind1=" " ind2=" ">
    <subfield code="t">Primera Parte S&#xED;ntesis regional</subfield>
    <subfield code="t">Introducci&#xF3;n</subfield>
    <subfield code="t">I. Movimientos Sociales y feminismo</subfield>
    <subfield code="t">1. Los enfoques actuales 2. Caracter&#xED;sticas de los movimientos actuales 3. Los movimientos de mujeres 4. el concepto de identidad colectiva versus vertientes 5. la formaci&#xF3;n de la identidad colectiva 6. El proceso de autonom&#xED;a 7. El poder y la construcci&#xF3;n de la ciudadan&#xED;a 8. El movimiento y ciudadan&#xED;a femenina</subfield>
    <subfield code="t">II. Metodolog&#xED;a</subfield>
    <subfield code="t">III. Los resultados: una comparaci&#xF3;n regional</subfield>
    <subfield code="t">1. El contexto regional 2. Caracter&#xED;sticas del movimiento de mujeres en Centroam&#xE9;rica 3. El proceso de construcci&#xF3;n del sujeto pol&#xED;tico</subfield>
    <subfield code="t">Bibliograf&#xED;a</subfield>
    <subfield code="t">Segunda parte Estudios de caso</subfield>
    <subfield code="t">Un Movimiento de mujeres embrionario ( Guatemala)</subfield>
    <subfield code="t">Un Movimiento de mujeres naciente ( Honduras)</subfield>
    <subfield code="t">Pens&#xE1;ndose a s&#xED; mismas (El Salvador)</subfield>
    <subfield code="t">Un Movimiento de mujeres en auge (Nicaragua)</subfield>
    <subfield code="t">Un Movimiento de mujeres en desarrollo ( Costa Rica)</subfield>
  </datafield>
  <datafield tag="650" ind1=" " ind2="0">
    <subfield code="a">Feminism</subfield>
    <subfield code="z">Central America.</subfield>
    <subfield code="9">174</subfield>
  </datafield>
  <datafield tag="650" ind1=" " ind2="0">
    <subfield code="a">Women</subfield>
    <subfield code="z">Central America</subfield>
    <subfield code="x">Social conditions.</subfield>
    <subfield code="x">Mujeres en Am&#xE9;rica Central</subfield>
    <subfield code="x">Movimientos Sociales</subfield>
    <subfield code="9">175</subfield>
  </datafield>
  <datafield tag="651" ind1=" " ind2=" ">
    <subfield code="a">Centroam&#xE9;rica</subfield>
    <subfield code="9">171</subfield>
  </datafield>
  <datafield tag="700" ind1="2" ind2=" ">
    <subfield code="a">Aguilar T., Ana Leticia</subfield>
    <subfield code="q">(Aguilar Theissen)</subfield>
    <subfield code="9">176</subfield>
  </datafield>
  <datafield tag="710" ind1="2" ind2=" ">
    <subfield code="a">Corriente (Program)</subfield>
    <subfield code="9">177</subfield>
  </datafield>
  <datafield tag="906" ind1=" " ind2=" ">
    <subfield code="a">7</subfield>
    <subfield code="b">cbc</subfield>
    <subfield code="c">orignew</subfield>
    <subfield code="d">2</subfield>
    <subfield code="e">ncip</subfield>
    <subfield code="f">19</subfield>
    <subfield code="g">y-gencatlg</subfield>
  </datafield>
  <datafield tag="999" ind1=" " ind2=" ">
    <subfield code="c">26</subfield>
    <subfield code="d">26</subfield>
  </datafield>
  <datafield tag="952" ind1=" " ind2=" ">
    <subfield code="0">0</subfield>
    <subfield code="1">0</subfield>
    <subfield code="2">ddc</subfield>
    <subfield code="4">0</subfield>
    <subfield code="7">0</subfield>
    <subfield code="a">LV</subfield>
    <subfield code="b">LV</subfield>
    <subfield code="c">Pensamiento</subfield>
    <subfield code="d">2014-03-29</subfield>
    <subfield code="l">0</subfield>
    <subfield code="o">305.420.972.8</subfield>
    <subfield code="p">000003</subfield>
    <subfield code="r">2014-03-29 00:00:00</subfield>
    <subfield code="w">2014-03-29</subfield>
    <subfield code="y">01</subfield>
  </datafield>
</record>
